[Event "FRA-ch Blitz Online Qual"]
[Site "Europe Echecs INT"]
[Date "2020.05.16"]
[Round "13"]
[White "Le Bail, Stephane"]
[Black "Leonardy, Baptiste"]
[Result "0-1"]
[WhiteElo "1746"]
[BlackElo "1177"]
[PlyCount "48"]
[EventDate "2020.05.16"]
[EventType "swiss (blitz)"]
[EventRounds "15"]
[EventCountry "FRA"]
[SourceTitle "CBM 196 Extra"]
[Source "ChessBase"]
[SourceDate "2020.07.31"]
[SourceVersion "1"]
[SourceVersionDate "2020.07.31"]
[SourceQuality "1"]

1. d4 Nf6 2. Bf4 g6 3. e3 Bg7 4. Be2 0-0 5. Nf3 d6 6. 0-0 Nbd7 7. c3 Re8 8. Nbd2 e5 9. dxe5 dxe5 10. Bg5 h6 11. Bh4 g5 12. Bg3 Nh5 13. Nb3 Nxg3 14. hxg3 e4 15. Nfd4 Nf6 16. Qc2 h5 17. Rad1 Qe7 18. f4 exf3 19. Rxf3 g4 20. Nf5 Bxf5 21. Rxf5 Qxe3+ 22. Kf1 Ne4 23. Rf3 gxf3 24. Bxf3 Nxg3# 0-1

[Event "FRA-ch Blitz Online Qual"]
[Site "Europe Echecs INT"]
[Date "2020.05.16"]
[Round "15"]
[White "Le Bail, Stephane"]
[Black "Migus, Ethan"]
[Result "1-0"]
[WhiteElo "1746"]
[BlackElo "1084"]
[PlyCount "107"]
[EventDate "2020.05.16"]
[EventType "swiss (blitz)"]
[EventRounds "15"]
[EventCountry "FRA"]
[SourceTitle "CBM 196 Extra"]
[Source "ChessBase"]
[SourceDate "2020.07.31"]
[SourceVersion "1"]
[SourceVersionDate "2020.07.31"]
[SourceQuality "1"]

1. d4 d5 2. Bf4 Nc6 3. e3 Nf6 4. Nf3 e6 5. Be2 Be7 6. h3 0-0 7. 0-0 Ne4 8. Nbd2 Nxd2 9. Qxd2 Bb4 10. c3 Bd6 11. a3 Bxf4 12. exf4 Re8 13. Ne5 Nxe5 14. fxe5 f6 15. f4 b6 16. Rac1 Bb7 17. Rce1 f5 18. g4 fxg4 19. Bxg4 Qh4 20. Qf2 Qxf2+ 21. Rxf2 Ba6 22. f5 exf5 23. Bxf5 Rf8 24. Be6+ Kh8 25. Bxd5 Rxf2 26. Kxf2 Rf8+ 27. Kg3 Rd8 28. Bc6 Rf8 29. e6 Bb7 30. Bxb7 Re8 31. Bc6 Re7 32. Bd7 Kg8 33. Rf1 g6 34. d5 h5 35. h4 a6 36. b4 b5 37. a4 bxa4 38. Bxa4 Kg7 39. Bc6 Kg8 40. Kf4 Kg7 41. Kg5 Kg8 42. Rf6 Kg7 43. Rxg6+ Kh8 44. Kxh5 Kh7 45. Kg5 Kh8 46. h5 Kh7 47. h6 Kh8 48. Rg7 Rxg7+ 49. hxg7+ Kxg7 50. e7 Kf7 51. e8Q+ Kg7 52. Qe7+ Kg8 53. Kg6 a5 54. Qg7# 1-0

[Event "FRA-ch Blitz Online Qual"]
[Site "Europe Echecs INT"]
[Date "2020.05.16"]
[Round "4"]
[White "Le Bail, Stephane"]
[Black "Sabapathee, Florian"]
[Result "0-1"]
[WhiteElo "1746"]
[BlackElo "1444"]
[PlyCount "104"]
[EventDate "2020.05.16"]
[EventType "swiss (blitz)"]
[EventRounds "15"]
[EventCountry "FRA"]
[SourceTitle "CBM 196 Extra"]
[Source "ChessBase"]
[SourceDate "2020.07.31"]
[SourceVersion "1"]
[SourceVersionDate "2020.07.31"]
[SourceQuality "1"]

1. d4 Nf6 2. Bf4 d5 3. e3 Bf5 4. Bd3 Bxd3 5. Qxd3 e6 6. Nf3 c5 7. c3 Nc6 8. 0-0 Be7 9. Nbd2 0-0 10. dxc5 Bxc5 11. b4 Bb6 12. a4 Nh5 13. Bg5 f6 14. Bh4 e5 15. a5 Bc7 16. Qc2 Qd6 17. Bg3 Nxg3 18. hxg3 Rae8 19. Nb3 b6 20. axb6 axb6 21. Nh4 e4 22. Nf5 Qe5 23. Nbd4 Nxd4 24. Nxd4 Qh5 25. Qe2 Qxe2 26. Nxe2 Be5 27. Nd4 Rc8 28. Rfc1 Rc4 29. Nb5 Rfc8 30. Ra3 Rxb4 31. cxb4 Rxc1+ 32. Kh2 Rb1 33. Ra4 Rb2 34. Na7 Rxf2 35. Nc6 Re2 36. Ra8+ Kf7 37. Ra7+ Kg6 38. Ne7+ Kh6 39. Nf5+ Kg6 40. Nh4+ Kh5 41. Rxg7 Rxe3 42. Rxh7+ Kg4 43. Rg7+ Kh5 44. Nf5 Rb3 45. Kh3 Rxb4 46. Rh7+ Kg6 47. Rh6+ Kxf5 48. g4+ Ke6 49. g5 e3 50. g6 e2 51. g7 Rb3+ 52. Kh4 Rg3 0-1

[Event "FRA-ch Blitz Online Qual"]
[Site "Europe Echecs INT"]
[Date "2020.05.16"]
[Round "3"]
[White "Mamedov, Rauf"]
[Black "Le Bail, Stephane"]
[Result "1-0"]
[WhiteElo "2654"]
[BlackElo "1746"]
[PlyCount "53"]
[EventDate "2020.05.16"]
[EventType "swiss (blitz)"]
[EventRounds "15"]
[EventCountry "FRA"]
[SourceTitle "CBM 196 Extra"]
[Source "ChessBase"]
[SourceDate "2020.07.31"]
[SourceVersion "1"]
[SourceVersionDate "2020.07.31"]
[SourceQuality "1"]

1. e4 e5 2. Nf3 Nc6 3. Bc4 Bc5 4. c3 d6 5. d4 exd4 6. cxd4 Bb4+ 7. Nc3 Nge7 8. 0-0 0-0 9. Bb3 Bg4 10. Be3 Bxc3 11. bxc3 Na5 12. Bc2 Bh5 13. h3 Kh8 14. g4 Bg6 15. Nh4 Nc4 16. Bc1 h6 17. Nf5 Bxf5 18. gxf5 Nc6 19. Qd3 Nb6 20. Kh2 f6 21. Rg1 Rf7 22. Rg6 Kh7 23. Qg3 Ne7 24. Bxh6 gxh6 25. Rxh6+ Kxh6 26. Rg1 Nxf5 27. Qg6# 1-0

[Event "FRA-ch Blitz Online Qual"]
[Site "Europe Echecs INT"]
[Date "2020.05.16"]
[Round "5"]
[White "Serieys, Philippe"]
[Black "Le Bail, Stephane"]
[Result "0-1"]
[WhiteElo "1210"]
[BlackElo "1746"]
[PlyCount "64"]
[EventDate "2020.05.16"]
[EventType "swiss (blitz)"]
[EventRounds "15"]
[EventCountry "FRA"]
[SourceTitle "CBM 196 Extra"]
[Source "ChessBase"]
[SourceDate "2020.07.31"]
[SourceVersion "1"]
[SourceVersionDate "2020.07.31"]
[SourceQuality "1"]

1. e4 e5 2. Nf3 Nc6 3. Bc4 Bc5 4. d3 d6 5. Ng5 Nh6 6. Qf3 0-0 7. 0-0 Nd4 8. Qd1 Bg4 9. f3 Bh5 10. Nh3 Nxc2+ 11. Nf2 Nxa1 12. Nc3 Kh8 13. Bd2 f5 14. Qxa1 fxe4 15. Ncxe4 Bb6 16. b4 d5 17. Bxd5 Qxd5 18. Bc3 Bd4 19. Bxd4 Qxd4 20. Qd1 Nf5 21. Qd2 Ne3 22. Re1 Nc4 23. Qc2 Nd6 24. Qxc7 Nxe4 25. dxe4 Rac8 26. Qxb7 Rc2 27. Rf1 Rfc8 28. h3 h6 29. Qb5 Rxf2 30. Rxf2 Rc1+ 31. Kh2 Qxf2 32. Qe8+ Bxe8 0-1

[Event "FRA-ch Blitz Online Qual"]
[Site "Europe Echecs INT"]
[Date "2020.05.16"]
[Round "7"]
[White "Thibous, Mathis"]
[Black "Le Bail, Stephane"]
[Result "0-1"]
[WhiteElo "1313"]
[BlackElo "1746"]
[PlyCount "156"]
[EventDate "2020.05.16"]
[EventType "swiss (blitz)"]
[EventRounds "15"]
[EventCountry "FRA"]
[SourceTitle "CBM 196 Extra"]
[Source "ChessBase"]
[SourceDate "2020.07.31"]
[SourceVersion "1"]
[SourceVersionDate "2020.07.31"]
[SourceQuality "1"]

1. d4 d5 2. c4 e6 3. Nc3 Nf6 4. Nf3 Be7 5. g3 0-0 6. Bg2 Nbd7 7. Ne5 b6 8. 0-0 Bb7 9. cxd5 Nxd5 10. Nxd5 exd5 11. f4 f6 12. Nd3 c5 13. e3 c4 14. Nf2 f5 15. h4 Nf6 16. Bd2 Ne4 17. Nxe4 fxe4 18. b3 b5 19. a4 a6 20. b4 Bd6 21. axb5 axb5 22. Bc3 Qe7 23. Qd2 Bc6 24. Kh2 h5 25. Qb2 Bd7 26. Ra5 Bc7 27. Rxa8 Rxa8 28. Ra1 Qd8 29. Ra3 Ra4 30. Rxa4 bxa4 31. Bh3 Bb5 32. g4 Qxh4 33. g5 Bd7 34. Qg2 Bxh3 35. Qxh3 Qf2+ 36. Qg2 Qxg2+ 37. Kxg2 g6 38. Kh3 Kf7 39. Kh4 Ke6 40. Kg3 Kf5 41. Bb2 Bb6 42. Bc3 a3 43. Ba1 a2 44. Bc3 Bc7 45. b5 Bb6 46. Ba1 Ke6 47. Kh4 Kd6 48. f5 gxf5 49. Kxh5 f4 50. Kg4 f3 51. Kg3 Ke6 52. Kf2 Kf5 53. Kg3 Kxg5 54. Bc3 Kf5 55. Ba1 Ke6 56. Bc3 Kd6 57. Kf2 Kc7 58. Ba1 Ba5 59. Bb2 Bd2 60. Ba1 Kb6 61. Bb2 Kxb5 62. Ba1 Kb4 63. Bb2 Kb3 64. Ba1 Bc3 65. Kg3 Bxa1 66. Kf4 Bc3 67. Ke5 a1Q 68. Kxd5 Qa5+ 69. Kxe4 f2 70. d5 f1Q 71. d6 Qd8 72. d7 Qe7+ 73. Kd5 Qxd7+ 74. Ke4 Qfd3+ 75. Kf4 Qf7+ 76. Kg3 Qxe3+ 77. Kg4 Qg1+ 78. Kh4 Qh7# 0-1

[Event "Chateauroux op 15th"]
[Site "Chateauroux"]
[Date "2014.10.28"]
[Round "6"]
[White "Rogier, Jean Louis"]
[Black "Le Bail, Stephane"]
[Result "0-1"]
[WhiteElo "1685"]
[BlackElo "1754"]
[PlyCount "74"]
[EventDate "2014.10.25"]
[EventType "swiss"]
[EventRounds "7"]
[EventCountry "FRA"]
[SourceTitle "EXT 2015"]
[Source "ChessBase"]
[SourceDate "2014.11.20"]
[SourceVersion "1"]
[SourceVersionDate "2014.11.20"]
[SourceQuality "1"]

1. d4 d5 2. Nf3 Nf6 3. Bf4 Bf5 4. e3 e6 5. h3 Bd6 6. Bxd6 Qxd6 7. Bd3 Ne4 8. 0-0 0-0 9. Nbd2 h6 10. c3 Nxf2 11. Rxf2 Bxd3 12. Ne5 Bh7 13. Qh5 f6 14. Raf1 Nd7 15. Ng6 Bxg6 16. Qxg6 Qe7 17. e4 Qf7 18. Qg3 c6 19. Rf4 Kh7 20. Nf3 dxe4 21. Rxe4 f5 22. Rh4 Qf6 23. Re1 Rae8 24. Qd6 Nb6 25. Qg3 Nd5 26. c4 Nb6 27. b3 Kg8 28. Ne5 g5 29. Rf4 Kh7 30. Rf2 Rd8 31. Rd2 Nd7 32. Rde2 Rfe8 33. Nf3 Nf8 34. Rd2 Re7 35. Qf2 a6 36. Ne5 Ng6 37. Nd3 Qxd4 0-1

[Event "Chateauroux op 15th"]
[Site "Chateauroux"]
[Date "2014.10.26"]
[Round "3"]
[White "Le Bail, Stephane"]
[Black "Claudon, Andreas"]
[Result "1/2-1/2"]
[WhiteElo "1754"]
[BlackElo "1479"]
[PlyCount "64"]
[EventDate "2014.10.25"]
[EventType "swiss"]
[EventRounds "7"]
[EventCountry "FRA"]
[SourceTitle "EXT 2015"]
[Source "ChessBase"]
[SourceDate "2014.11.20"]
[SourceVersion "1"]
[SourceVersionDate "2014.11.20"]
[SourceQuality "1"]

1. d4 d5 2. Bf4 Nf6 3. e3 e6 4. Nf3 Nc6 5. Nbd2 Bb4 6. c3 Bd6 7. Ne5 Bxe5 8. dxe5 Nd7 9. Nf3 h6 10. h3 b6 11. Bb5 Bb7 12. Qa4 Ncb8 13. Nd4 a6 14. Be2 c5 15. Nf3 b5 16. Qc2 Nc6 17. 0-0 c4 18. b3 Nb6 19. Nd4 Nd7 20. Nxc6 Bxc6 21. Bf3 Nc5 22. bxc4 bxc4 23. Rab1 0-0 24. Be2 Qa5 25. Rb4 Rab8 26. Rfb1 Bb5 27. g4 Qc7 28. Qb2 Na4 29. Qc2 Nc5 30. Qb2 Na4 31. Qc2 Nc5 32. Qb2 Na4 1/2-1/2

[Event "FRA-ch op-C"]
[Site "Caen"]
[Date "2011.08.27"]
[Round "11"]
[White "Malassagne, Isabelle"]
[Black "Le Bail, Stephane"]
[Result "1-0"]
[WhiteElo "1704"]
[BlackElo "1776"]
[PlyCount "59"]
[EventDate "2011.08.16"]
[EventType "swiss"]
[EventRounds "11"]
[EventCountry "FRA"]
[SourceTitle "EXT 2012"]
[Source "ChessBase"]
[SourceDate "2011.11.24"]
[SourceVersion "1"]
[SourceVersionDate "2011.11.24"]
[SourceQuality "1"]

1. e4 e5 2. Nf3 Nc6 3. d4 exd4 4. Nxd4 Bc5 5. Nxc6 Qf6 6. Qd2 Qxc6 7. Nc3 Bb4 8. Bd3 Bxc3 9. bxc3 Ne7 10. 0-0 0-0 11. c4 Qf6 12. Rb1 Ng6 13. Bb2 Qf4 14. Qc3 f6 15. Qa5 b6 16. Qd5+ Kh8 17. Qxa8 Nh4 18. e5 c6 19. exf6 Nf3+ 20. gxf3 gxf6 21. Be2 Qc7 22. Kh1 Kg7 23. Rg1+ Kf7 24. Bd4 Re8 25. Bd1 Qd6 26. Be3 Qc7 27. a4 Ba6 28. Rg7+ Kxg7 29. Qxe8 Bxc4 30. Be2 1-0

[Event "FRA-ch op-C"]
[Site "Caen"]
[Date "2011.08.26"]
[Round "10"]
[White "Le Bail, Stephane"]
[Black "David, Sebastien"]
[Result "1/2-1/2"]
[WhiteElo "1776"]
[BlackElo "1763"]
[PlyCount "34"]
[EventDate "2011.08.16"]
[EventType "swiss"]
[EventRounds "11"]
[EventCountry "FRA"]
[SourceTitle "EXT 2012"]
[Source "ChessBase"]
[SourceDate "2011.11.24"]
[SourceVersion "1"]
[SourceVersionDate "2011.11.24"]
[SourceQuality "1"]

1. d4 Nf6 2. Bf4 g6 3. e3 Bg7 4. Nf3 0-0 5. c3 d5 6. Be2 c6 7. Nbd2 Nbd7 8. h3 Re8 9. Ne5 Nxe5 10. Bxe5 Nd7 11. Bxg7 Kxg7 12. c4 dxc4 13. Bxc4 e5 14. Nb3 Nb6 15. Be2 Qg5 16. g4 exd4 17. Qxd4+ Qe5 1/2-1/2

[Event "FRA-ch op-C"]
[Site "Caen"]
[Date "2011.08.22"]
[Round "6"]
[White "Le Bail, Stephane"]
[Black "Rost, Pierre"]
[Result "1/2-1/2"]
[WhiteElo "1776"]
[BlackElo "1783"]
[PlyCount "76"]
[EventDate "2011.08.16"]
[EventType "swiss"]
[EventRounds "11"]
[EventCountry "FRA"]
[SourceTitle "EXT 2012"]
[Source "ChessBase"]
[SourceDate "2011.11.24"]
[SourceVersion "1"]
[SourceVersionDate "2011.11.24"]
[SourceQuality "1"]

1. d4 d5 2. Bf4 Nf6 3. e3 c5 4. c3 Nc6 5. Nf3 Qb6 6. Qc1 Bf5 7. Be2 e6 8. 0-0 Rc8 9. dxc5 Bxc5 10. Rd1 Nh5 11. Be5 Nxe5 12. Nxe5 Nf6 13. Bd3 Ne4 14. Bxe4 Bxe4 15. Nd2 Bf5 16. Nb3 Bd6 17. Nf3 Bg4 18. Rd4 Bxf3 19. gxf3 Qc7 20. Rh4 Qe7 21. Rg4 f5 22. Rg2 g5 23. Qd1 Kf7 24. e4 dxe4 25. fxe4 h5 26. exf5 exf5 27. Qd5+ Kg6 28. Nd4 Rc5 29. Qe6+ Qxe6 30. Nxe6 Re5 31. Nxg5 Kf6 32. Nf3 Re2 33. b3 Rhe8 34. Kf1 Rc2 35. Nd4 Rxc3 36. Nb5 Rd3 37. Nxd6 Rxd6 38. f3 Red8 1/2-1/2

[Event "Chateauroux op"]
[Site "Chateauroux"]
[Date "2009.10.30"]
[Round "5"]
[White "Masset, Jacques"]
[Black "Le Bail, Stephane"]
[Result "1-0"]
[WhiteElo "1978"]
[BlackElo "1814"]
[PlyCount "143"]
[EventDate "2009.10.28"]
[EventType "swiss"]
[EventRounds "7"]
[EventCountry "FRA"]
[SourceTitle "EXT 2011"]
[Source "ChessBase"]
[SourceDate "2010.11.26"]
[SourceVersion "1"]
[SourceVersionDate "2010.11.26"]
[SourceQuality "1"]

1. e4 e5 2. Nf3 Nc6 3. d4 exd4 4. Nxd4 Nxd4 5. Qxd4 d6 6. Nc3 Nf6 7. Bc4 Be7 8. Bg5 Be6 9. Bxe6 fxe6 10. e5 dxe5 11. Qxe5 Qd6 12. Qb5+ Qc6 13. Qxc6+ bxc6 14. 0-0 Nd5 15. Ne4 h6 16. Bxe7 Kxe7 17. Rfe1 Kf7 18. Nc5 Rhe8 19. c4 Nb6 20. Na6 Re7 21. b3 Rd8 22. Nb4 Red7 23. Nxc6 Kf6 24. Nxd8 Rxd8 25. Rad1 Re8 26. Rd2 Re7 27. Rd8 c5 28. f4 g6 29. Kf2 g5 30. fxg5+ hxg5 31. g4 Nd7 32. Rc8 Ne5 33. Rf8+ Kg7 34. Rxe5 Kxf8 35. Rxg5 Rc7 36. Ke3 Kf7 37. h4 Rc8 38. Kf4 Kf6 39. Re5 Ke7 40. g5 Kd6 41. Re2 Rf8+ 42. Kg4 Rf1 43. g6 Ke7 44. Kg5 Rf5+ 45. Kh6 e5 46. g7 Kf7 47. Rg2 Kg8 48. Rd2 Rf6+ 49. Kg5 Rf7 50. Rd8+ Kxg7 51. Re8 Rf2 52. Rxe5 Rxa2 53. Rxc5 a5 54. Rc7+ Kg8 55. Ra7 Rb2 56. Rxa5 Rxb3 57. Kg6 Rg3+ 58. Rg5 Rc3 59. c5 Rc4 60. h5 Rc2 61. Kf6+ Kh7 62. Ke6 Kh6 63. Rd5 Re2+ 64. Kd7 Rf2 65. c6 Rf7+ 66. Kc8 Ra7 67. c7 Ra8+ 68. Kd7 Rg8 69. c8Q Rg7+ 70. Kc6 Rg8 71. Qe6+ Kh7 72. Rd7+ 1-0